Notre homme à Washington : (Record no. 126464)
[ view plain ]
| 000 -LEADER | |
|---|---|
| campo de control de longitud fija | 02248nam a22002297a 4500 |
| 003 - IDENTIFICADOR DE NÚMERO DE CONTROL | |
| campo de control | BJBSDDR |
| 005 - FECHA Y HORA DE LA ÚLTIMA TRANSACCIÓN | |
| campo de control | 20260226103718.0 |
| 007 - CAMPO FIJO DE DESCRIPCIÓN FÍSICA--INFORMACIÓN GENERAL | |
| campo de control de longitud fija | ta |
| 008 - DATOS DE LONGITUD FIJA--INFORMACIÓN GENERAL | |
| campo de control de longitud fija | 260226s2024 fr ||||| |||| 00| 0 fre d |
| 020 ## - NÚMERO INTERNACIONAL ESTÁNDAR DEL LIBRO | |
| Número Internacional Estándar del Libro | 9782246836681 |
| 020 ## - NÚMERO INTERNACIONAL ESTÁNDAR DEL LIBRO | |
| Número Internacional Estándar del Libro | 2246836689 |
| 040 ## - FUENTE DE CATALOGACIÓN | |
| Lengua de catalogación | spa |
| Centro/agencia transcriptor | BJBSDDR |
| 041 ## - CÓDIGO DE IDIOMA | |
| Código de lengua del texto/banda sonora o título independiente | fre |
| 050 ## - SIGNATURA TOPOGRÁFICA DE LA BIBLIOTECA DEL CONGRESO | |
| Número de ítem | G337 2024 |
| 100 1# - ENTRADA PRINCIPAL--NOMBRE DE PERSONA | |
| Nombre de persona | Genté, Régis |
| 9 (RLIN) | 47215 |
| 245 10 - MENCIÓN DEL TÍTULO | |
| Título | Notre homme à Washington : |
| Resto del título | Trump dans la main des Russes / |
| Mención de responsabilidad, etc. | Régis Genté |
| 260 ## - PUBLICACIÓN, DISTRIBUCIÓN, ETC. | |
| Lugar de publicación, distribución, etc. | Paris : |
| Nombre del editor, distribuidor, etc. | Bernard Grasset, |
| Fecha de publicación, distribución, etc. | 2024 |
| 300 ## - DESCRIPCIÓN FÍSICA | |
| Extensión | 217 pages ; |
| Dimensiones | 21 cm |
| 520 ## - RESUMEN, ETC. | |
| Sumario, etc. | Voilà plus de quarante ans que Donald Trump entretient une relation nourrie avec Moscou. Une relation des plus suspectes, comme si son Make America Great Again et autres déclarations « souverainistes » tonitruantes servaient à cacher ce qui ressemble fort à de la collaboration. Espions, mafieux, diplomates, oligarques... La liste des fréquentations russes de Donald Trump est impressionnante, et la plupart travaillent directement ou presque pour le Kremlin. Les professionnels du renseignement américain en sont convaincus : Trump est une sorte d'agent des services de sécurité russes, plus exactement un « contact confidentiel ». Le KGB soviétique avait approché l'ambitieux développeur immobilier new-yorkais dès le milieu des années 1970, avant de l'inviter à Moscou en juillet 1987. Une pure opération de recrutement, selon les initiés. Leurs successeurs ont suivi, et l'ingérence russe ne fait aucun doute dans la campagne électorale qui a vu Donald Trump accéder à la Maison Blanche en 2016. Largement documenté et nourri de témoignages inédits, ce livre offre une stupéfiante plongée dans ces quatre décennies pendant lesquelles le cœur du pouvoir russe a étroitement cultivé Donald Trump, avec force millions de dollars. Où l'Histoire avec un grand « H » se fabrique aussi avec la petitesse des ego, les parcours de mafieux extravagants, les dérives de banques en apparence respectables... Après les déceptions du premier mandat Trump, Moscou rêve de retrouver son homme à Washington, afin de pouvoir neutraliser la première puissance mondiale. Et de changer l'ordre du monde. »--Quatrième de couverture |
| 942 ## - ELEMENTOS DE ENTRADA SECUNDARIOS (KOHA) | |
| Fuente del sistema de clasificación o colocación | Clasificación de Library of Congress |
| Suprimir en OPAC | No |
| Tipo de ítem Koha | Libro |
| 946 ## - PROCESAMIENTO DE INFORMACIÓN LOCAL (OCLC) | |
| Iniciales del agente catalogador | cmc |
| Estatus retirado | Estado de pérdida | Fuente del sistema de clasificación o colocación | Estado de daño | No para préstamo | Colección | Biblioteca de origen | Biblioteca actual | Ubicación en estantería | Fecha de adquisición | Signatura topográfica completa | Código de barras | Visto por última vez | Copia número | Tipo de ítem Koha |
|---|---|---|---|---|---|---|---|---|---|---|---|---|---|---|
| Clasificación de Library of Congress | Automatización y Procesos Técnicos | Biblioteca Juan Bosch | Biblioteca Juan Bosch | Automatización y Procesos Técnicos (1er. Piso) | 26/02/2026 | G337 2024 | 00000198761 | 26/02/2026 | 1 | Libro |
